Biblioteca y Centro de Documentación

El Consejo Económico y Social frente a las leyes de acompañamiento (Registro nro. 31189)

Detalles MARC
000 -CABECERA
Longitud fija campo de control 01204naa a2200325 c 4500
001 - NÚMERO DE CONTROL
Número de control 31189
003 - IDENTIFICADOR DE NÚMERO DE CONTROL
Identificador del número de control ES-MaCES
005 - FECHA Y HORA DE LA ÚLTIMA TRANSACCIÓN
Fecha y hora de la última transacción 20250203132348.0
008 - CAMPO FIJO DE DESCRIPCIÓN FIJA--INFORMACIÓN GENERAL
Códigos de información de longitud fija   990609n1999 sp 000 | spa d
035 ## - NÚMERO DE CONTROL DEL SISTEMA
Número de control del sistema CES19990001720v
040 ## - FUENTE DE CATALOGACIÓN
Centro catalogador de origen ES-MaCES
Lengua de catalogación spa
Centro transcriptor ES-MaCES
100 1# - ENCABEZAMIENTO PRINCIPAL--NOMBRE PERSONAL
Nombre de persona Cubero Truyo, Antonio M.
9 (RLIN) 10237
245 13 - MENCIÓN DE TÍTULO
Título El Consejo Económico y Social frente a las leyes de acompañamiento
Mención de responsabilidad, etc. Antonio M. Cubero Truyo, Ana Molina Lebrón
610 24 - ASIENTO SECUNDARIO DE MATERIA--NOMBRE CORPORATIVO
Nombre de entidad corporativa o nombre de jurisdicción como elemento inicial Consejo Económico y Social (España)
9 (RLIN) 2408
650 #4 - ASIENTO SECUNDARIO DE MATERIA--TÉRMINO DE MATERIA
Término de materia o nombre geográfico como elemento inicial España
9 (RLIN) 26964
650 #4 - ASIENTO SECUNDARIO DE MATERIA--TÉRMINO DE MATERIA
Término de materia o nombre geográfico como elemento inicial legislación económica
9 (RLIN) 27161
650 #4 - ASIENTO SECUNDARIO DE MATERIA--TÉRMINO DE MATERIA
Término de materia o nombre geográfico como elemento inicial tributación
9 (RLIN) 28093
650 #4 - ASIENTO SECUNDARIO DE MATERIA--TÉRMINO DE MATERIA
Término de materia o nombre geográfico como elemento inicial presupuesto
9 (RLIN) 28276
650 #4 - ASIENTO SECUNDARIO DE MATERIA--TÉRMINO DE MATERIA
Término de materia o nombre geográfico como elemento inicial participación política
9 (RLIN) 27242
650 #4 - ASIENTO SECUNDARIO DE MATERIA--TÉRMINO DE MATERIA
Término de materia o nombre geográfico como elemento inicial comisión consultiva
9 (RLIN) 29196
650 #4 - ASIENTO SECUNDARIO DE MATERIA--TÉRMINO DE MATERIA
Término de materia o nombre geográfico como elemento inicial organización institucional
9 (RLIN) 27196
650 #4 - ASIENTO SECUNDARIO DE MATERIA--TÉRMINO DE MATERIA
Término de materia o nombre geográfico como elemento inicial Consejos Económicos y Sociales
9 (RLIN) 30859
653 10 - TÉRMINO DE INDEXACIÓN--NO CONTROLADO
Término no controlado Administración-Instituciones públicas
650 #4 - ASIENTO SECUNDARIO DE MATERIA--TÉRMINO DE MATERIA
9 (RLIN) 27235
Término de materia o nombre geográfico como elemento inicial grupo de intereses
700 1# - ENCABEZAMIENTO SECUNDARIO--NOMBRE PERSONAL
Nombre de persona Molina Lebrón, Ana
9 (RLIN) 18780
773 0# - ENTRADA DE DOCUMENTO FUENTE
Título Gaceta fiscal
Parte(s) relacionada(s) n. 173 (feb. 1999){55/771 R. 030150}; p. 17-28
Número de control del registro relacionado (ES-MaCES)25758
Itemnumber del ítem fuente 72372
902 ## - CES. TIPO DE DOCUMENTO
Tipodoc (006$c Sirtex) ART Artículo de revista
942 ## - ELEMENTOS KOHA
Fuente de clasificaión o esquema Clasificación propia del CES
Koha [por defecto] tipo de item Artículos (1982-2017)
Parte de clasificación 6.3.

No hay ítems disponibles.

© CES, Consejo Económico y Social de España 2021